000 00796nam a2200253 a 4500
001 16565
003 CO-ViMGA
008 141112s2004 ck r 000 u spa d
020 _a9581500150
040 _aCO-ViMGA
_bspa
_cCO-ViMGA
082 0 4 _aCD - ROM 635.642 G874
100 1 _aGutierrez Vásquez, Albeiro; López Millán, Magda
_923621
110 _aNatural Resources Institute
_923622
245 1 0 _aManejo post - cosecha y comercialización del Tomate de árbol
260 _aBogotá :
_bSena,
_c2000
300 _aCD - ROM
490 _aPaquetes de capacitación
590 _aForma de adquisición : Premio - Mincultura
650 1 4 _aAGROINDUSTRIA
_951809
650 1 4 _aPOST - COSECHA
_923623
650 1 4 _aPRECOSECHA
_923624
650 1 4 _aTOMATE DE ARBOL
_923625
942 _2ddc
_cBK
999 _c26356
_d26356